All Countries by Capital - North America - Statistics

General Stats
  • This quiz has been taken 18 times
  • The average score is 22 of 23
Answer Stats
Capitals Countries % Correct
Nassau Bahamas
100%
Ottawa Canada
100%
San José Costa Rica
100%
Havana Cuba
100%
Santo Domingo Dominican Republic
100%
San Salvador El Salvador
100%
Guatemala City Guatemala
100%
Port-au-Prince Haiti
100%
Tegucigalpa Honduras
100%
Kingston Jamaica
100%
Mexico City Mexico
100%
Managua Nicaragua
100%
Panama City Panama
100%
Washington D.C. United States
100%
Bridgetown Barbados
94%
Belmopan Belize
94%
Roseau Dominica
94%
Basseterre St. Kitts & Nevis
94%
Castries St. Lucia
94%
Kingstown St. Vincent & theGrenadines
94%
Port-of-Spain Trinidad &Tobago
94%
St. John's Antigua &Barbuda
81%
St. George's Grenada
75%
No matching quizzes found
Score Distribution
Percent of People with Each Score
Percentile by Number Answered
Your Score History
You have not taken this quiz